User /

Kaydedildi:
Detaylı Bibliyografya
Yazar: Benderson, Bruce (Yazar)
Materyal Türü: Kitap
Dil:İngilizce
Baskı/Yayın Bilgisi: New York : Dutton, c1994
Etiketler: Etiketle
Etiket eklenmemiş, İlk siz ekleyin!

MARC

LEADER 00000nam a22000007i 4500
001 IT\ICCU\UBO\2253848
003 ItRI
005 20260115231818.0
008 030722s1994 xxu|||||| ||||| |||||c
020 |a 0525937226 
040 |b ita  |c importazione bologna sebina 
041 7 |a eng  |2 ISO-639-2 
100 1 |a Benderson, Bruce  |0 IT\ICCU\UBOV\395080  |4 aut 
245 1 0 |a User /  |c Bruce Benderson. 
260 |a New York :  |b Dutton,  |c c1994 
300 |a 227 p. ;  |c 23 cm. 
942 |2 ddc  |c BK  |n 0 
952 |0 0  |1 0  |4 0  |6 DOC_813_540000000000000_BEN  |7 0  |9 13297  |a BO  |b BO  |d 2026-01-15  |i 7489  |l 0  |o DOC 813.54 BEN  |p BO7489  |r 2026-01-15 23:18:18  |w 2026-01-15  |x [Sebina 5] [1 v.]  |y BK  |z 1 v. 
999 |c 11417  |d 11417